|
|
|
|
| LEADER |
01174nab#a2200301#ar4500 |
| 001 |
000073371 |
| 003 |
SVKKK |
| 005 |
19970922xxxxxxx. |
| 008 |
06 c xo huno |
| FMT |
|
|
|
| 038 |
|
|
|a SVKKK
|
| 040 |
|
|
|a SVKKK
|b slo
|e AACR2
|
| 041 |
0 |
|
|a hun
|
| 044 |
|
|
|a xo
|c SK
|
| 080 |
|
|
|a 061.2:374
|
| 242 |
1 |
0 |
|a Ročenka
|
| 245 |
0 |
0 |
|a Évkönyv
|
| 520 |
2 |
|
|a V júli 1912 vydal Osvetový spolok Gemersko-malohontskej župy svoju ročenku 1911/12. Rozoberá snaženie spolku v oblasti šírenia maďarského jazyka. Spolok bude finančne podporovať Učiteľský internát v Rimavskej Sobote po dobu 10 rokov po 50 korún ročne.
|
| 650 |
0 |
4 |
|a Gömör- és Kishonti vármegye Közművelődési Egylete pozri Osvetový spolok Gemersko-malohontskej župy
|
| 650 |
0 |
4 |
|a Osvetový spolok Gemersko-malohontskej župy - Ročenka 1911/12 - Rimavská Sobota - júl 1912 - vydanie tlačené - maďarizácia - cieľ spolkový - správa
|
| 773 |
0 |
|
|t Sajó-Vidék : Vegyestartalmú hetilap
|g Roč. 15, č. 31 (01.08.1912) s. 4
|
| 957 |
|
|
|a Rimavská Sobota
|
| 958 |
|
|
|a DG
|
| 958 |
|
|
|a SK
|
| 974 |
|
|
|a ebl
|d 19970922
|
| 992 |
|
|
|a RBX
|
| BAS |
|
|
|
| 998 |
|
|
|a RETRO
|